<?xml version="1.0" encoding="UTF-8"?>
<record
    xmlns:xsi="http://www.w3.org/2001/XMLSchema-instance"
    xsi:schemaLocation="http://www.loc.gov/MARC21/slim http://www.loc.gov/standards/marcxml/schema/MARC21slim.xsd"
    xmlns="http://www.loc.gov/MARC21/slim">

  <leader>01183nam a22002297a 4500</leader>
  <controlfield tag="008">171129s1996        sp||||| |||| 00| 0 spa d</controlfield>
  <datafield tag="020" ind1=" " ind2=" ">
    <subfield code="a">8489569045</subfield>
  </datafield>
  <datafield tag="082" ind1="0" ind2="4">
    <subfield code="a">709.8</subfield>
    <subfield code="b">S949a</subfield>
  </datafield>
  <datafield tag="100" ind1="1" ind2=" ">
    <subfield code="a">Sullivan, Edward.</subfield>
    <subfield code="9">2532</subfield>
  </datafield>
  <datafield tag="245" ind1="1" ind2="5">
    <subfield code="a">Arte Latinoamericano del siglo XX /</subfield>
    <subfield code="c">editado por Edward Sullivan.</subfield>
  </datafield>
  <datafield tag="250" ind1=" " ind2=" ">
    <subfield code="a">1a edici&#xF3;n.</subfield>
  </datafield>
  <datafield tag="260" ind1=" " ind2=" ">
    <subfield code="a">Madrid, Espa&#xF1;a :</subfield>
    <subfield code="b">Phaidon Press Limited, </subfield>
    <subfield code="c">1996.</subfield>
  </datafield>
  <datafield tag="300" ind1=" " ind2=" ">
    <subfield code="a">352 p&#xE1;ginas :</subfield>
    <subfield code="b">ilustraciones en color.</subfield>
  </datafield>
  <datafield tag="505" ind1="0" ind2=" ">
    <subfield code="t">M&#xE9;xico </subfield>
    <subfield code="r">Teresa del Conde.</subfield>
    <subfield code="t">Am&#xE9;rica Central </subfield>
    <subfield code="r">M&#xF3;nica Kupfer.</subfield>
    <subfield code="t">Cuba</subfield>
    <subfield code="r">Giulio Blac y Gerardo Mosquera.</subfield>
    <subfield code="t">Rep&#xFA;blica Dominicana</subfield>
    <subfield code="r">Jeannette Miller.</subfield>
    <subfield code="t">Puerto Rico</subfield>
    <subfield code="r">Enrique Garc&#xED;a-Guti&#xE9;rrez.</subfield>
    <subfield code="t">Venezuela</subfield>
    <subfield code="r">Rina Carvajal.</subfield>
    <subfield code="t">Colombia</subfield>
    <subfield code="r">Ivonne Pini.</subfield>
    <subfield code="t">Ecuador</subfield>
    <subfield code="r">Len&#xED;n O&#xF1;a.</subfield>
    <subfield code="t">Per&#xFA;</subfield>
    <subfield code="r">Natalia Majluf.</subfield>
    <subfield code="t">Brasil</subfield>
    <subfield code="r">Ivo Mesquita.</subfield>
    <subfield code="t">Bolovia</subfield>
    <subfield code="r">Pedor Querejazu.</subfield>
    <subfield code="t">Paraguay</subfield>
    <subfield code="r">Ticio Escobar.</subfield>
    <subfield code="t">Uruguay</subfield>
    <subfield code="r">Alicia Haber.</subfield>
    <subfield code="t">Argentina</subfield>
    <subfield code="r">Marcelo Pacheco.</subfield>
    <subfield code="t">Chile</subfield>
    <subfield code="r">Milan Ivelic.</subfield>
    <subfield code="t">Arte chicano</subfield>
    <subfield code="r">Victor Zamudio-Taylor.</subfield>
  </datafield>
  <datafield tag="653" ind1="1" ind2="0">
    <subfield code="a">Arte contempor&#xE1;neo</subfield>
  </datafield>
  <datafield tag="653" ind1="1" ind2="0">
    <subfield code="a">Arte Latinoamericano - Historia</subfield>
  </datafield>
  <datafield tag="653" ind1="1" ind2="0">
    <subfield code="a">Artistas latinoamericanos</subfield>
  </datafield>
  <datafield tag="653" ind1="1" ind2="0">
    <subfield code="a">Ensayos</subfield>
  </datafield>
  <datafield tag="653" ind1="1" ind2="0">
    <subfield code="a">Investigaci&#xF3;n art&#xED;stica</subfield>
  </datafield>
  <datafield tag="653" ind1="1" ind2="0">
    <subfield code="a">Cultura popular</subfield>
  </datafield>
  <datafield tag="653" ind1="1" ind2="0">
    <subfield code="a">Artes visuales</subfield>
  </datafield>
  <datafield tag="999" ind1=" " ind2=" ">
    <subfield code="c">1376</subfield>
    <subfield code="d">1376</subfield>
  </datafield>
  <datafield tag="952" ind1=" " ind2=" ">
    <subfield code="0">0</subfield>
    <subfield code="1">0</subfield>
    <subfield code="2">ddc</subfield>
    <subfield code="4">0</subfield>
    <subfield code="7">0</subfield>
    <subfield code="a">LV</subfield>
    <subfield code="b">LV</subfield>
    <subfield code="c">Monograf&#xED;as</subfield>
    <subfield code="d">2017-11-29</subfield>
    <subfield code="l">0</subfield>
    <subfield code="o">709.8 S949a</subfield>
    <subfield code="p">001264</subfield>
    <subfield code="r">2017-11-29 00:00:00</subfield>
    <subfield code="w">2017-11-29</subfield>
    <subfield code="y">01</subfield>
  </datafield>
</record>
